[Event "FIDE Open 2012"]
[Site "Voronezh (Russia)"]
[Date "2012.06.20"]
[Round "9.14"]
[White "Magrifin, Iljanor"]
[Black "Estrada, Victor"]
[Result "1-0"]
[WhiteElo "2115"]
[BlackElo "1861"]
[Annotator ""]
[Source ""]
[Remark ""]

1.e4 e5 2.Nf3 Nc6 3.Bc4 Bc5 4.O-O Nf6 5.Re1 O-O 6.d3 h6 7.c3
d6 8.b4 Bb6 9.Nbd2 Bg4 10.h3 Bh5 11.Nf1 d5 12.Bb3 dxe4 13.dxe4
Qxd1 14.Bxd1 a6 15.Ng3 Bg6 16.Nh4 Bh7 17.Nhf5 Rfe8 18.Ba4 Rad8
19.b5 axb5 20.Bxb5 Re6 21.Bxc6 bxc6 22.Be3 Rd3 23.Rab1 Bxe3 24.Rxe3
Rxe3 25.Rb8+ Re8 26.Rxe8+ Nxe8 27.Nxe3 Kf8 28.a4 Ke7 29.Kf1 f6
30.Ke2 Kd6 31.Kd3 Kc5 32.Ngf1 Bg8 33.Nd2 Nd6 34.f3 Kb6 35.Ndc4+
Nxc4 36.Nxc4+ Kc5 37.Ne3 Bb3 38.Nf5 Bxa4 1-0

[Event "FIDE Open 2012"]
[Site "Voronezh (Russia)"]
[Date "2012.06.20"]
[Round "9.15"]
[White "Torshin, Anton"]
[Black "Titorenko, Irina"]
[Result "1-0"]
[WhiteElo "2135"]
[BlackElo "1988"]
[Annotator ""]
[Source ""]
[Remark ""]

1.e4 c5 2.Nf3 Nc6 3.d4 cxd4 4.Nxd4 g6 5.c4 Bg7 6.Be3 d6 7.Nc3
Nf6 8.Be2 O-O 9.O-O Nxd4 10.Bxd4 b6 11.Qd3 Bb7 12.Rac1 Rc8 13.f3
Nh5 14.Be3 f5 15.b3 f4 16.Bf2 Nf6 17.Nb5 Nd7 18.Nd4 Nc5 19.Qd1
e5 20.Nb5 Qg5 21.b4 Ne6 22.Nxa7 Rc7 23.Bxb6 Rcf7 24.Nb5 Bxe4
25.Nxd6 Rd7 26.Nxe4 Rxd1 27.Nxg5 1-0

[Event "FIDE Open 2012"]
[Site "Voronezh (Russia)"]
[Date "2012.06.20"]
[Round "9.16"]
[White "Kasantsev, Anatolij B."]
[Black "Gunchenko, Vadim"]
[Result "1/2-1/2"]
[WhiteElo "2080"]
[BlackElo "1893"]
[Annotator ""]
[Source ""]
[Remark ""]

1.d4 Nf6 2.c4 c5 3.d5 b5 4.cxb5 a6 5.e3 g6 6.Nc3 d6 7.a4 Bg7
8.Bc4 O-O 9.Nge2 Nbd7 10.O-O Ne5 11.b3 axb5 12.Bxb5 Ba6 13.Rb1
Bxb5 14.Nxb5 Ne8 15.Bb2 Nc7 16.Nec3 c4 17.Nxc7 Qxc7 18.Nb5 Qa5
19.f4 Nd3 20.Bxg7 Kxg7 21.bxc4 Nc5 22.Qd4+ f6 23.e4 Nxa4 24.e5
fxe5 25.fxe5 Rxf1+ 26.Rxf1 Qb6 27.exd6+ Qxd4+ 28.Nxd4 exd6 29.Ne6+
Kg8 30.Ra1 Nb6 31.Rxa8+ Nxa8 32.c5 dxc5 33.Nxc5 Nb6 34.d6 1/2-1/2

[Event "FIDE Open 2012"]
[Site "Voronezh (Russia)"]
[Date "2012.06.20"]
[Round "9.17"]
[White "Filippov, Ivan"]
[Black "Kiselev, Maxim"]
[Result "1/2-1/2"]
[WhiteElo "2035"]
[BlackElo "2187"]
[Annotator ""]
[Source ""]
[Remark ""]

1.d4 d5 2.c4 c6 3.Nc3 Nf6 4.Nf3 dxc4 5.a4 Bg4 6.Ne5 Bh5 7.Nxc4
e6 8.g3 Bb4 9.Bg2 O-O 10.O-O Na6 11.Re1 Nd5 12.Qb3 c5 13.Bd2
cxd4 14.Nxd5 exd5 15.Bxb4 dxc4 16.Qxc4 Nxb4 17.Qxb4 Qd7 18.Rad1
Rfd8 19.Rd2 Rac8 20.Red1 Qe6 21.Rxd4 Rxd4 22.Qxd4 Qxe2 23.Qd8+
Qe8 24.Qxe8+ Rxe8 25.Rd7 Rb8 26.Bf1 g5 1/2-1/2

[Event "FIDE Open 2012"]
[Site "Voronezh (Russia)"]
[Date "2012.06.20"]
[Round "9.19"]
[White "Matveenko, Yury"]
[Black "Markevich, Arseniy"]
[Result "0-1"]
[WhiteElo "2077"]
[BlackElo "2033"]
[Annotator ""]
[Source ""]
[Remark ""]

1.Nf3 d5 2.g3 g6 3.Bg2 Bg7 4.O-O Nf6 5.c4 c6 6.d4 O-O 7.Qb3 Qb6
8.Nbd2 Na6 9.Qxb6 axb6 10.a3 Ne4 11.cxd5 cxd5 12.Nxe4 dxe4 13.Nd2
Bxd4 14.Nxe4 Rd8 15.Nc3 Nc5 16.Rb1 Bf5 17.e4 Bg4 18.h3 Be6 19.Nd5
f5 20.Nc7 Ba2 21.Ra1 Bc4 22.Nxa8 Rxa8 23.Rd1 Nb3 24.Rb1 Be2 25.Rxd4
Nxd4 26.exf5 Bd3 27.Ra1 Nc2 28.Bd5+ Kg7 29.Ra2 Rd8 30.Be6 gxf5
31.b4 Be4 32.f3 Rd1+ 33.Kf2 Bd3 34.Bb2+ Kg6 35.Bc3 Rf1+ 36.Kg2
Ne3+ 37.Kh2 Rxf3 38.Be1 Rf1 39.Bf2 Be4 40.Bg1 Nc2 41.Bd5 Bxd5
42.Rxc2 Ra1 43.Re2 b5 44.Rd2 0-1

[Event "FIDE Open 2012"]
[Site "Voronezh (Russia)"]
[Date "2012.06.20"]
[Round "9.20"]
[White "Bargandzhiya, Zaza"]
[Black "Shuvalova, Polina"]
[Result "0-1"]
[WhiteElo "2070"]
[BlackElo "1702"]
[Annotator ""]
[Source ""]
[Remark ""]

1.e4 c5 2.Nf3 g6 3.d4 cxd4 4.Nxd4 Bg7 5.Nc3 Nc6 6.Be3 Nf6 7.Nxc6
bxc6 8.e5 Ng8 9.f4 Nh6 10.Qd2 Nf5 11.Bf2 h5 12.O-O-O O-O 13.Ne4
Rb8 14.Bc4 Qc7 15.Bb3 Rb5 16.h3 Rxe5 17.fxe5 Qxe5 18.Qd3 Qxb2+
19.Kd2 Qe5 20.c3 Ba6 21.Qxa6 Qxe4 22.Qd3 Qf4+ 23.Ke2 d5 24.Rhe1
e5 25.Qf3 Qg5 26.h4 Qf6 27.Qh3 e4 28.Bd4 Qd6 29.Bxg7 Kxg7 30.Kf1
Ng3+ 31.Kg1 Qf4 32.c4 e3 33.cxd5 cxd5 34.Bc2 e2 35.Rc1 Re8 36.Qd7
Re6 37.Qxa7 Rf6 38.Bd3 Qxh4 0-1

[Event "FIDE Open 2012"]
[Site "Voronezh (Russia)"]
[Date "2012.06.20"]
[Round "9.21"]
[White "Artemov, Nikita"]
[Black "Testova, Victoria"]
[Result "1/2-1/2"]
[WhiteElo "2008"]
[BlackElo "1993"]
[Annotator ""]
[Source ""]
[Remark ""]

1.e4 c5 2.d4 cxd4 3.c3 d5 4.exd5 Qxd5 5.Nf3 Nc6 6.cxd4 e5 7.Nc3
Bb4 8.Bd2 Bxc3 9.Bxc3 e4 10.Ne5 Nxe5 11.dxe5 Ne7 12.Qa4+ Bd7
13.Qc2 O-O 14.Rd1 Qe6 15.Be2 Bc6 16.O-O Rfd8 17.Rxd8+ Rxd8 18.Rd1
Rxd1+ 19.Qxd1 1/2-1/2

[Event "FIDE Open 2012"]
[Site "Voronezh (Russia)"]
[Date "2012.06.20"]
[Round "9.22"]
[White "Kiselev, Alexander S."]
[Black "Zhileykin, Andrey"]
[Result "1/2-1/2"]
[WhiteElo "2236"]
[BlackElo "1889"]
[Annotator ""]
[Source ""]
[Remark ""]

1.e4 e5 2.Nf3 Nf6 3.Nc3 d6 4.d4 Nbd7 5.Bc4 Be7 6.O-O O-O 7.Re1
c6 8.a4 b6 9.Ba2 Bb7 10.h3 a6 11.d5 cxd5 12.Nxd5 Nc5 13.Nxf6+
Bxf6 14.Bd5 Bxd5 15.Qxd5 Rc8 16.Be3 Qd7 17.b3 Qe6 18.Rad1 Be7
19.Bg5 Qxd5 20.Rxd5 Bxg5 21.Nxg5 Nb7 22.c4 Rc5 23.Red1 Rfc8 24.Nf3
Rxd5 25.Rxd5 Rc5 26.Nd2 Kf8 27.Kf1 Rxd5 28.cxd5 Nc5 29.Ke2 Ke7 1/2-1/2

[Event "FIDE Open 2012"]
[Site "Voronezh (Russia)"]
[Date "2012.06.20"]
[Round "9.23"]
[White "Grachev, Andrey"]
[Black "Sychev, Victor"]
[Result "1-0"]
[WhiteElo "1996"]
[BlackElo "1708"]
[Annotator ""]
[Source ""]
[Remark ""]

1.e4 e5 2.Nf3 Nc6 3.Bb5 Bc5 4.O-O Nge7 5.c3 a6 6.Ba4 O-O 7.d4
exd4 8.cxd4 Bb6 9.d5 Na7 10.d6 cxd6 11.Nc3 Nac6 12.Bf4 Ne5 13.Nxe5
dxe5 14.Bxe5 Ng6 15.Bd6 Re8 16.Bb3 Qg5 17.Nd5 Bd8 18.f4 Qh6 19.e5
b5 20.Kh1 Bb7 21.Qg4 Bc6 22.Rfe1 Qh4 23.Qf5 Re6 24.Re3 Ba5 25.Qd3
Rae8 1-0

[Event "FIDE Open 2012"]
[Site "Voronezh (Russia)"]
[Date "2012.06.20"]
[Round "9.24"]
[White "Karavaeva, Nadezhda"]
[Black "Voischeva, Zinaida"]
[Result "1-0"]
[WhiteElo "2027"]
[BlackElo "1835"]
[Annotator ""]
[Source ""]
[Remark ""]

1.e4 e6 2.d4 d5 3.Nd2 c5 4.exd5 Qxd5 5.Ngf3 cxd4 6.Bc4 Qd6 7.O-O
Nf6 8.Nb3 Be7 9.Nbxd4 a6 10.Re1 O-O 11.a4 Nc6 12.c3 Nxd4 13.Qxd4
Rd8 14.Qxd6 Bxd6 15.Bg5 Bd7 16.Ne5 Bxe5 17.Rxe5 Bc6 18.Bb3 h6
19.Bxf6 gxf6 20.Re2 Bd5 21.c4 Bc6 22.a5 Rd4 23.Rd1 Rg4 24.Re3
Rxg2+ 25.Kf1 Rxh2 26.Rg3+ Kh8 27.Ke2 Rg8 28.Rxg8+ Kxg8 29.Rg1+
Rg2 30.Rxg2+ Bxg2 31.f3 Bh3 32.Ba4 e5 33.b4 Be6 34.c5 f5 35.c6
bxc6 36.Bxc6 1-0

[Event "FIDE Open 2012"]
[Site "Voronezh (Russia)"]
[Date "2012.06.20"]
[Round "9.26"]
[White "Aleksandrov, Grigoriy"]
[Black "Polyansky, Viktor"]
[Result "1/2-1/2"]
[WhiteElo "1819"]
[BlackElo "2009"]
[Annotator ""]
[Source ""]
[Remark ""]

1.d4 e6 2.c4 f5 3.Nc3 Bb4 4.Bd2 Nf6 5.g3 O-O 6.Bg2 d6 7.Nf3 Nc6
8.a3 Bxc3 9.Bxc3 Ne4 10.Qc2 Qf6 11.e3 Nxc3 12.Qxc3 a5 13.Nd2
Bd7 14.O-O e5 15.dxe5 dxe5 16.Nb3 e4 17.Qxf6 Rxf6 18.Rad1 Be6
19.Rc1 Rd8 20.f3 Ne5 21.Nd4 Bxc4 22.Rfd1 exf3 23.Nxf3 Nxf3+ 24.Bxf3
Rxd1+ 25.Rxd1 c6 26.Rd8+ Rf8 27.Rd7 Rb8 28.Kf2 g6 1/2-1/2

[Event "FIDE Open 2012"]
[Site "Voronezh (Russia)"]
[Date "2012.06.20"]
[Round "9.28"]
[White "Zhukov, Viktor"]
[Black "Gerasko, Viacheslav"]
[Result "0-1"]
[WhiteElo "2077"]
[BlackElo "1964"]
[Annotator ""]
[Source ""]
[Remark ""]

1.e4 c5 2.Nf3 Nc6 3.Bb5 g6 4.O-O Bg7 5.c3 a6 6.Bxc6 bxc6 7.c4
d6 8.Nc3 e5 9.d3 Ne7 10.Ne1 O-O 11.f4 f5 12.fxe5 Bxe5 13.Bh6
Rf7 14.Nf3 Bg7 15.Qd2 Qf8 16.Be3 f4 17.Bf2 h6 18.e5 dxe5 19.Bxc5
Bg4 20.Nh4 Kh7 21.h3 Be6 22.Rae1 Qd8 23.Nf3 Rf5 24.Qe2 g5 25.Ne4
Nc8 26.d4 exd4 27.Nexg5+ hxg5 28.Qxe6 Qf6 29.Qd7 Rxc5 30.Re6
Nb6 0-1

[Event "FIDE Open 2012"]
[Site "Voronezh (Russia)"]
[Date "2012.06.20"]
[Round "9.29"]
[White "Aseeva, Anastasia"]
[Black "Klimentov, Evgeny"]
[Result "1-0"]
[WhiteElo "2053"]
[BlackElo "1905"]
[Annotator ""]
[Source ""]
[Remark ""]

1.d4 Nf6 2.c4 g6 3.Nc3 Bg7 4.e4 O-O 5.Be2 d6 6.Nf3 Bg4 7.O-O
Nfd7 8.h3 Bxf3 9.Bxf3 Nc6 10.Be3 e5 11.Ne2 Qf6 12.d5 Nd4 13.Nc3
c5 14.Be2 Qe7 15.Qd2 a6 16.Rab1 f5 17.exf5 gxf5 18.f4 e4 19.b4
Qf6 20.Rfd1 b6 21.a4 Rab8 22.Bf1 Rfe8 23.Ne2 Nxe2+ 24.Bxe2 cxb4
25.Rxb4 Nc5 26.Rdb1 Qd8 27.a5 Qd7 28.Rxb6 Rxb6 29.Rxb6 Qc7 30.Qb4
Rc8 31.Rc6 Qd7 1-0

[Event "FIDE Open 2012"]
[Site "Voronezh (Russia)"]
[Date "2012.06.20"]
[Round "9.30"]
[White "Kostitsina, Liubov"]
[Black "Korobitsyn, Daniil"]
[Result "1-0"]
[WhiteElo "2053"]
[BlackElo "1905"]
[Annotator ""]
[Source ""]
[Remark ""]

1.e4 c6 2.d4 d5 3.e5 c5 4.dxc5 Nc6 5.Bb5 e6 6.Be3 Bd7 7.Bxc6
Bxc6 8.c3 Ne7 9.Nf3 Nf5 10.Bd4 Rc8 11.Na3 Be7 12.O-O O-O 13.Re1
b6 14.cxb6 Bxa3 15.bxa3 axb6 16.Rb1 Nxd4 17.cxd4 Ra8 18.Qb3 Ra6
19.Rec1 Qa8 20.Qc2 Rc8 21.Ng5 g6 22.Qd2 h6 23.Nf3 Kh7 24.Qf4
Be8 25.h4 Rxc1+ 26.Rxc1 Qd8 27.Rc3 Qe7 28.Nh2 h5 29.Qg3 Ra4 1-0

[Event "FIDE Open 2012"]
[Site "Voronezh (Russia)"]
[Date "2012.06.20"]
[Round "9.31"]
[White "Alkaev, Ruslan"]
[Black "Grigorjev, Iljya"]
[Result "1-0"]
[WhiteElo "2066"]
[BlackElo "1987"]
[Annotator ""]
[Source ""]
[Remark ""]

1.e4 e5 2.Nf3 Nc6 3.Bc4 Bc5 4.d3 Nf6 5.c3 O-O 6.O-O d5 7.exd5
Nxd5 8.b4 Be7 9.b5 Na5 10.Bxd5 Qxd5 11.c4 Qd8 12.Bd2 e4 13.Bxa5
exf3 14.Qxf3 Qd4 15.Bc3 Qg4 16.Nd2 Rd8 17.Qe3 Bg5 18.f4 Bh6 19.Ne4
Bf5 20.Rf3 Qg6 21.Re1 Qb6 22.Nc5 Rf8 23.d4 Rad8 24.a4 Qg6 25.Nxb7
Rb8 26.Na5 Bd7 27.Qf2 Rfe8 28.Ree3 Rxe3 29.Qxe3 Qg4 30.g3 g6
31.Qf2 Bg7 32.c5 Re8 1-0

[Event "FIDE Open 2012"]
[Site "Voronezh (Russia)"]
[Date "2012.06.20"]
[Round "9.32"]
[White "Shcherbakov, Nikolay"]
[Black "Maksimov, Dmitri"]
[Result "0-1"]
[WhiteElo "1802"]
[BlackElo "2007"]
[Annotator ""]
[Source ""]
[Remark ""]

1.e4 c5 2.Nc3 e6 3.g3 Nc6 4.Bg2 g6 5.d3 Bg7 6.Nge2 Nge7 7.Be3
Nd4 8.O-O O-O 9.Na4 Qa5 10.Nac3 d6 11.Qc1 Rb8 12.a4 a6 13.Bd2
Nec6 14.Re1 Nxe2+ 15.Nxe2 Qb6 16.Rb1 Qc7 17.c3 Bd7 18.b4 Ne5
19.Qc2 c4 20.d4 Nd3 21.Rf1 e5 22.Be3 f5 23.f4 Kh8 24.a5 fxe4
25.Bxe4 Bh3 26.Rfd1 d5 27.Bxd5 e4 28.Bxe4 Rfe8 29.Bxd3 Rxe3 30.Bxg6
hxg6 31.Qxg6 Kg8 32.Re1 Rbe8 33.Kf2 Qe7 34.Rb2 Rf3+ 35.Kg1 Qe3+
36.Kh1 Rf2 0-1

[Event "FIDE Open 2012"]
[Site "Voronezh (Russia)"]
[Date "2012.06.20"]
[Round "9.37"]
[White "Grishchenko, Vladimir"]
[Black "Kozlov, Sergej A."]
[Result "1-0"]
[WhiteElo "2069"]
[BlackElo "1784"]
[Annotator ""]
[Source ""]
[Remark ""]

1.Nf3 d5 2.d3 c5 3.Nbd2 Nf6 4.e4 dxe4 5.dxe4 Nc6 6.g3 e5 7.Bg2
Be7 8.O-O O-O 9.c3 a6 10.a4 Ne8 11.Qe2 Be6 12.Nc4 Qc7 13.h4 Rd8
14.Ng5 Bxc4 15.Qxc4 Na5 16.Qe2 Nb3 17.Rb1 Nxc1 18.Rbxc1 c4 19.Ra1
Bc5 20.a5 Nf6 21.Kh1 Rd3 22.b4 Ba7 23.h5 Rxc3 24.Rac1 Rxc1 25.Rxc1
Rd8 26.Rxc4 Qd6 27.Bf3 h6 28.Nh3 Qd7 29.Kg2 Rc8 30.Qc2 Rxc4 31.Qxc4
Kh7 32.Be2 Bd4 33.Qc2 Qe7 34.g4 Qxb4 35.g5 Ne8 36.Qc8 Qe7 37.g6+
fxg6 38.hxg6+ Kg8 39.Bc4+ Kf8 40.Bf7 Bb2 41.Bxe8 Qxe8 42.Qf5+
Ke7 43.f4 Qf8 44.Qg4 Qf6 45.f5 Bc3 46.Qf3 Qc6 47.Nf2 Bd2 48.Qb3
Qf6 49.Qxb7+ Ke8 50.Qd5 Be3 51.Ng4 Qg5 52.Qxe5+ Kd8 53.Kf3 Bd2
54.f6 Bc3 55.Qxg5 hxg5 56.e5 1-0

[Event "FIDE Open 2012"]
[Site "Voronezh (Russia)"]
[Date "2012.06.20"]
[Round "9.38"]
[White "Gataullin, Artur"]
[Black "Sukhareva, Valentina"]
[Result "1-0"]
[WhiteElo "2064"]
[BlackElo "1879"]
[Annotator ""]
[Source ""]
[Remark ""]

1.e4 e5 2.Nf3 d6 3.d4 Nd7 4.Bc4 c6 5.dxe5 dxe5 6.a4 Be7 7.O-O
Ngf6 8.Nc3 Qc7 9.h3 Nc5 10.Qe2 Bd7 11.Ng5 O-O 12.b4 Ne6 13.Nxe6
fxe6 14.Rb1 a5 15.b5 Bc5 16.Ba2 Bd4 17.Bb2 g6 18.Qd3 Rae8 19.Ba3
Rf7 20.Ne2 cxb5 21.axb5 Qb6 22.c4 Bc5 23.Bb2 Qc7 24.Kh1 Nh5 25.g4
Nf4 26.Nxf4 exf4 27.f3 e5 28.Rbd1 Be6 29.Qc3 Bc8 30.Rd5 Rfe7
31.Rfd1 b6 32.Ba3 Bxa3 33.Qxa3 Be6 34.Rd6 Rd7 35.Rxd7 Bxd7 36.c5+
Be6 37.c6 Qe7 38.Qxe7 Rxe7 39.Bxe6+ Rxe6 40.c7 1-0

[Event "FIDE Open 2012"]
[Site "Voronezh (Russia)"]
[Date "2012.06.20"]
[Round "9.39"]
[White "Voronin, Maxim"]
[Black "Bobro, Igor"]
[Result "1-0"]
[WhiteElo "1772"]
[BlackElo "1902"]
[Annotator ""]
[Source ""]
[Remark ""]

1.e4 c5 2.Nf3 d6 3.d4 cxd4 4.Nxd4 Nf6 5.Nc3 a6 6.f3 e5 7.Nb3
Be6 8.Be3 Be7 9.Qd2 Nbd7 10.O-O-O Qc7 11.f4 exf4 12.Bxf4 Ne5
13.Nd4 Bd7 14.h3 O-O 15.g4 b5 16.g5 b4 17.Nd5 Nxd5 18.exd5 Ng6
19.Bg3 Rfc8 20.Bd3 Ne5 21.Bxe5 dxe5 22.Nf5 Bxf5 23.Bxf5 Rd8 24.h4
Bc5 25.h5 Qb6 26.Qd3 Be3+ 27.Kb1 Bxg5 28.Bxh7+ Kh8 29.Qf5 Qf6
30.Qd3 Rd6 31.Rdf1 Bf4 32.Be4 a5 33.Qh3 a4 34.Qf3 b3 35.cxb3
axb3 36.Qxb3 Rb6 37.Qc3 Qd6 38.h6 Bxh6 39.Rxf7 Rab8 40.b3 Qa3
41.Bc2 Qd6 42.Qg3 Kg8 43.Ra7 Rf8 44.Qd3 1-0

[Event "FIDE Open 2012"]
[Site "Voronezh (Russia)"]
[Date "2012.06.20"]
[Round "9.40"]
[White "Sedykh, Egor"]
[Black "Kostin, Yury"]
[Result "1-0"]
[WhiteElo "1793"]
[BlackElo "1688"]
[Annotator ""]
[Source ""]
[Remark ""]

1.d4 Nf6 2.Nf3 d5 3.c4 e6 4.Nc3 c5 5.cxd5 exd5 6.Bg5 Nc6 7.e3
Be7 8.dxc5 Be6 9.Rc1 O-O 10.Be2 Qa5 11.O-O Qxc5 12.a3 Qa5 13.Nb5
a6 14.b4 Qb6 15.Nbd4 Ne4 16.Bf4 Rac8 17.Nb3 Bf6 18.Nc5 Bb2 19.Nxe6
fxe6 20.b5 1-0

[Event "FIDE Open 2012"]
[Site "Voronezh (Russia)"]
[Date "2012.06.20"]
[Round "9.41"]
[White "Malikov, Sergey"]
[Black "Gagarin, Artem"]
[Result "0-1"]
[WhiteElo "1826"]
[BlackElo "1767"]
[Annotator ""]
[Source ""]
[Remark ""]

{%00þ} 1.c4 c5 2.Nc3 Nc6 3.g3 g6 4.Bg2 Bg7 5.Nf3 d6 6.O-O
e6 7.d3 Nge7 8.Bg5 O-O 9.Rc1 a6 10.Bxe7 Qxe7 11.e3 Rb8 12.Qe2
b5 13.b3 b4 14.Ne4 Bb7 15.Qc2 Ne5 16.Nxe5 Bxe5 17.Rfd1 f5 18.Nd2
Bxg2 19.Kxg2 Rbd8 20.Nf3 g5 21.Ne1 Qb7+ 22.e4 g4 23.Qe2 Qf7 24.Rc2
Qh5 25.Kg1 f4 0-1

[Event "FIDE Open 2012"]
[Site "Voronezh (Russia)"]
[Date "2012.06.20"]
[Round "9.42"]
[White "Belov, Yury"]
[Black "Pilchuk, Mikhail"]
[Result "0-1"]
[WhiteElo "1783"]
[BlackElo "1927"]
[Annotator ""]
[Source ""]
[Remark ""]

1.d4 Nf6 2.c4 g6 3.Nc3 Bg7 4.Bg5 h6 5.Bd2 O-O 6.f3 d6 7.e4 e6
8.Be3 Nc6 9.a3 e5 10.Nge2 Kh7 11.d5 Ne7 12.g4 Nfg8 13.h4 a6 14.Ng3
Bd7 15.Qd2 Rb8 16.a4 Qe8 17.Be2 b5 18.c5 b4 19.Nd1 Bxa4 20.c6
Bb5 21.Bxb5 axb5 22.Qxb4 f5 23.gxf5 gxf5 24.exf5 Nxd5 25.Qe4
Ngf6 26.Qc2 0-1

[Event "FIDE Open 2012"]
[Site "Voronezh (Russia)"]
[Date "2012.06.20"]
[Round "9.44"]
[White "Abramova, Yulia"]
[Black "Moiseenko, Andrey"]
[Result "0-1"]
[WhiteElo "1949"]
[BlackElo "1696"]
[Annotator ""]
[Source ""]
[Remark ""]

1.e4 d6 2.d4 Nf6 3.Nc3 g6 4.Bg5 Bg7 5.Qd2 c6 6.Bh6 Bxh6 7.Qxh6
e5 8.O-O-O Qe7 9.f3 Nbd7 10.g3 a6 11.Bg2 b5 12.Nge2 Bb7 13.h3
O-O-O 14.Qe3 c5 15.d5 Rhe8 16.Rhe1 Kb8 17.b3 Rc8 18.Kb2 Nb6 19.a4
b4 20.Nb1 a5 21.c3 Qd8 22.c4 Rc7 23.Nc1 Bc8 24.Nd3 Nh5 25.f4
f6 26.fxe5 fxe5 27.Rf1 Rf8 28.Rxf8 Qxf8 29.Rf1 Rf7 30.Rxf7 Qxf7
31.Nxc5 dxc5 32.Qxc5 Qc7 33.Qf2 Nd7 34.Nd2 Nc5 35.Qf8 Nd3+ 36.Kb1 0-1

[Event "FIDE Open 2012"]
[Site "Voronezh (Russia)"]
[Date "2012.06.20"]
[Round "9.45"]
[White "Tjurin, Viktor"]
[Black "Mikhailov, Artem"]
[Result "1-0"]
[WhiteElo "1827"]
[BlackElo "1720"]
[Annotator ""]
[Source ""]
[Remark ""]

1.e4 e5 2.Nf3 Nc6 3.Bb5 f5 4.Nc3 d6 5.O-O Nf6 6.Re1 Be7 7.d4
exd4 8.Nxd4 Bd7 9.exf5 O-O 10.Ne6 Bxe6 11.Rxe6 Ne5 12.f4 Ned7
13.Bc4 Kh8 14.Be3 c6 15.Qf3 d5 16.Be2 Ne8 17.g4 Nc7 18.Qh3 Nxe6
19.fxe6 Nf6 20.Bd3 Qe8 21.Bd4 Ne4 22.Nxe4 dxe4 23.Bxe4 h5 24.Be3
Rf6 25.g5 Rf8 26.g6 h4 27.Qg4 Kg8 28.Qh5 Rf6 29.Qh7+ 1-0

[Event "FIDE Open 2012"]
[Site "Voronezh (Russia)"]
[Date "2012.06.20"]
[Round "9.47"]
[White "Ajrapetian, Nikita"]
[Black "Savenko, Ivan"]
[Result "1-0"]
[WhiteElo "1995"]
[BlackElo "1634"]
[Annotator ""]
[Source ""]
[Remark ""]

1.d4 Nf6 2.Bg5 e6 3.e4 Be7 4.e5 Nd5 5.Bxe7 Qxe7 6.Qd2 h6 7.c4
Nb6 8.Nf3 Nc6 9.Bd3 Qb4 10.O-O Na4 11.b3 Qxd2 12.Nbxd2 Nb4 13.Be4
Nc3 14.a3 Nxe4 15.Nxe4 Nc6 16.d5 exd5 17.cxd5 Ne7 18.Rac1 O-O
19.a4 c6 20.d6 b5 21.Nc5 Rb8 22.Rb1 Rd8 1-0

[Event "FIDE Open 2012"]
[Site "Voronezh (Russia)"]
[Date "2012.06.20"]
[Round "9.48"]
[White "Parshin, Vitaly"]
[Black "Bezgodova, Tatiana"]
[Result "0-1"]
[WhiteElo "1765"]
[BlackElo "1551"]
[Annotator ""]
[Source ""]
[Remark ""]

1.e4 e5 2.Nf3 Nc6 3.Bc4 Bc5 4.O-O Nf6 5.Re1 a6 6.c3 d6 7.d4 exd4
8.cxd4 Bb4 9.Nc3 O-O 10.Bg5 Bg4 11.Re3 Bxc3 12.bxc3 Qd7 13.Qc2
d5 14.exd5 Nxd5 15.Bxd5 Qxd5 16.Ne5 f6 17.Nxg4 Qxg5 18.Qb3+ Kh8
19.Qxb7 Nxd4 20.cxd4 Qxg4 21.Re4 Qd7 22.Rc1 Rfb8 23.Re8+ Rxe8 0-1